00771nam a22002057a 450000500170000001000150001702000260003203500130005803700130007108200150008410000290009924500810012826000300020927000680023930000340030750000500034194200290039199900190042095201260043920160610151402.0 aENG-115240 a9788120351776c595.00 aEN-98772 bDBAD/PUB a621.321042 aBhattacharyya,Mrittunjay aElectrical machines :cby Mrittunjay Bhattacharyyabmodelling and analysis / aDelhibPHI Learningc2016 aRimjhim House, 111, Patparganj Industrial EstatebDelhie110092 axxiv,491p. :bill.c25cm(pbk) aIncludes bibliographical references and index 2ddccENh621.321042mBHA c100271d100271 001040718NFICaDBADbBNd2016-06-10eDBAD/PUBg595.00l0o621.321042 BHApEN-98772r2016-06-10 00:00:00t1v595.00yEN